Statistiken für Bibel Zitate Quiz #2

Klicken Sie hier um das Quiz zu spielen!

Allgemein

  • Dieses Quiz wurde 330 mal gespielt
  • Das Durchschnittsergebnis liegt bei 8 aus 16

Antwortstatistiken

VersZitat% Korrekt
Matthäus 7,7sucht, dann werdet ihr {finden};
99%
Exodus 33,3In ein Land, in dem Milch und {Honig} fließen, wirst du kommen.
84%
Matthäus 19,24Eher geht ein {Kamel} durch ein Nadelöhr, als dass ein Reicher in das Reich Gottes gelangt.
71%
Matthäus 5,5Selig, die keine {Gewalt} anwenden; / denn sie werden das Land erben.
66%
Matthäus 26,41Der Geist ist willig, aber das Fleisch ist {schwach}.
63%
Kohelet 1,9Es gibt nichts Neues unter der {Sonne}.
57%
Matthäus 7,6[...] werft eure Perlen nicht den {Schweinen} vor,
55%
Psalmen 23,4Muss ich auch wandern in finsterer Schlucht, / ich fürchte kein Unheil; denn {du} {bist} {bei} {mir},
51%
Matthäus 7,14Aber das Tor, das zum Leben führt, ist {eng} und der Weg dahin ist schmal [...]
49%
Daniel 5,27Gewogen wurdest du auf der Waage und zu {leicht} befunden.
45%
1 Timotheus 6,10Denn die {Wurzel} aller Übel ist die Habsucht.
44%
Matthäus 6,24Ihr könnt nicht beiden dienen, Gott und dem {Mammon}.
43%
1 Timotheus 6,12Kämpfe den {guten} Kampf des Glaubens,
39%
Genesis 1,27Gott schuf also den Menschen als sein {Abbild};
38%
Genesis 4,9Bin ich der {Hüter} meines Bruders?
29%
Jeremia 17,9{Arglistig} ohnegleichen ist das Herz und unverbesserlich.
4%

Verteilung der Resultate

Perzentil nach korrekt beantworteten Fragen

Anzahl Personen mit jedem Resultat

Ihre Resultats-Entwicklung

Sie haben dieses Quiz noch nicht gespielt